[Event "DEM U16w 2025"]
[Site "Willingen GER"]
[Date "2025.06.13"]
[Round "8"]
[White "Boronina, Kseniia"]
[Black "Schulten, Namita"]
[Result "1-0"]
[Termination "normal"]
[Board "9"]
[WhiteElo "1691"]
[BlackElo "1696"]
[WhiteClock "00:20:51"]
[BlackClock "00:56:51"]
[PlyCount "107"]
[WhiteFideId "34308768"]
[BlackFideId "34663568"]
[EventCountry "GER"]
[EventRounds "9"]
[EventType "swiss"]
[EventDate "2025.06.07"]

1. e4 {[%clk 01:30:59]} e5 {[%clk 01:30:54]} {[%emt 00:00:07]} 2. Nf3 {[%clk
01:31:26]} {[%emt 00:00:02]} Nc6 {[%clk 01:31:19]} {[%emt 00:00:06]} 3. Bc4
{[%clk 01:31:54]} {[%emt 00:00:02]} Bc5 {[%clk 01:31:40]} {[%emt 00:00:08]} 4.
c3 {[%clk 01:32:21]} {[%emt 00:00:03]} Nf6 {[%clk 01:32:02]} {[%emt 00:00:07]}
5. d4 {[%clk 01:32:48]} {[%emt 00:00:04]} exd4 {[%clk 01:32:24]} {[%emt
00:00:08]} 6. e5 {[%clk 01:33:12]} {[%emt 00:00:06]} d5 {[%clk 01:32:06]}
{[%emt 00:00:48]} 7. Be2 {[%clk 01:33:37]} {[%emt 00:00:04]} Ne4 {[%clk
01:31:14]} {[%emt 00:01:24]} 8. cxd4 {[%clk 01:34:02]} {[%emt 00:00:04]} Bb4+
{[%clk 01:30:12]} {[%emt 00:01:32]} 9. Bd2 {[%clk 01:34:25]} {[%emt 00:00:07]}
Nxd2 {[%clk 01:29:16]} {[%emt 00:01:25]} 10. Nbxd2 {[%clk 01:34:49]} {[%emt
00:00:06]} O-O {[%clk 01:27:10]} {[%emt 00:02:36]} 11. O-O {[%clk 01:35:15]}
{[%emt 00:00:04]} Bg4 {[%clk 01:25:56]} {[%emt 00:01:44]} 12. Nb3 {[%clk
01:33:15]} {[%emt 00:02:31]} Rb8 {[%clk 01:20:16]} {[%emt 00:06:11]} 13. a3
{[%clk 01:31:50]} {[%emt 00:01:56]} Be7 {[%clk 01:20:39]} {[%emt 00:00:05]} 14.
Rc1 {[%clk 01:31:41]} {[%emt 00:00:39]} f6 {[%clk 01:17:01]} {[%emt 00:04:09]}
15. Nc5 {[%clk 01:21:59]} {[%emt 00:10:12]} Bxc5 {[%clk 01:14:13]} {[%emt
00:03:18]} 16. Rxc5 {[%clk 01:22:03]} {[%emt 00:00:26]} Ne7 {[%clk 01:14:26]}
{[%emt 00:00:16]} 17. Re1 {[%clk 01:12:57]} {[%emt 00:09:36]} c6 {[%clk
01:14:17]} {[%emt 00:00:39]} 18. h3 {[%clk 01:10:00]} {[%emt 00:03:28]} Bf5
{[%clk 01:12:16]} {[%emt 00:02:31]} 19. Bd3 {[%clk 00:52:14]} {[%emt 00:18:15]}
Bxd3 {[%clk 01:08:21]} {[%emt 00:04:25]} 20. Qxd3 {[%clk 00:51:26]} {[%emt
00:01:19]} Qb6 {[%clk 01:07:32]} {[%emt 00:01:18]} 21. exf6 {[%clk 00:50:21]}
{[%emt 00:01:35]} Ng6 {[%clk 01:06:06]} {[%emt 00:01:56]} 22. fxg7 {[%clk
00:50:01]} {[%emt 00:00:51]} Kxg7 {[%clk 01:06:08]} {[%emt 00:00:27]} 23. Rc2
{[%clk 00:45:44]} {[%emt 00:04:47]} Rf4 {[%clk 01:01:48]} {[%emt 00:04:51]} 24.
g3 {[%clk 00:41:53]} {[%emt 00:04:21]} Rf6 {[%clk 01:01:40]} {[%emt 00:00:38]}
25. h4 {[%clk 00:40:31]} {[%emt 00:01:52]} Rbf8 {[%clk 01:01:16]} {[%emt
00:00:53]} 26. Ng5 {[%clk 00:40:47]} {[%emt 00:00:14]} Kg8 {[%clk 00:56:39]}
{[%emt 00:05:06]} 27. h5 {[%clk 00:40:42]} {[%emt 00:00:36]} h6 {[%clk
00:55:17]} {[%emt 00:01:52]} 28. Ne6 {[%clk 00:28:52]} {[%emt 00:12:21]} Re8
{[%clk 00:55:17]} {[%emt 00:00:29]} 29. hxg6 {[%clk 00:29:19]} {[%emt
00:00:04]} Rexe6 {[%clk 00:55:04]} {[%emt 00:00:43]} 30. Rxe6 {[%clk 00:29:43]}
{[%emt 00:00:06]} Rxe6 {[%clk 00:55:26]} {[%emt 00:00:07]} 31. Qf5 {[%clk
00:30:09]} {[%emt 00:00:04]} Re7 {[%clk 00:55:16]} {[%emt 00:00:40]} 32. Re2
{[%clk 00:30:15]} {[%emt 00:00:24]} Qc7 {[%clk 00:55:27]} {[%emt 00:00:19]} 33.
Rxe7 {[%clk 00:28:57]} {[%emt 00:01:48]} Qxe7 {[%clk 00:55:47]} {[%emt
00:00:10]} 34. Kg2 {[%clk 00:25:16]} {[%emt 00:04:12]} Qe4+ {[%clk 00:55:51]}
{[%emt 00:00:26]} 35. Qxe4 {[%clk 00:25:41]} {[%emt 00:00:05]} dxe4 {[%clk
00:56:17]} {[%emt 00:00:04]} 36. Kh3 {[%clk 00:24:24]} {[%emt 00:01:47]} Kg7
{[%clk 00:55:44]} {[%emt 00:01:02]} 37. Kg4 {[%clk 00:24:50]} {[%emt 00:00:04]}
e3 {[%clk 00:55:28]} {[%emt 00:00:46]} 38. fxe3 {[%clk 00:25:12]} {[%emt
00:00:08]} Kxg6 {[%clk 00:55:51]} {[%emt 00:00:06]} 39. e4 {[%clk 00:24:49]}
{[%emt 00:00:55]} a5 {[%clk 00:56:01]} {[%emt 00:00:20]} 40. a4 {[%clk
00:24:25]} {[%emt 00:00:54]} b6 {[%clk 00:56:10]} {[%emt 00:00:20]} 41. b3
{[%clk 00:24:33]} {[%emt 00:00:22]} b5 {[%clk 00:55:48]} {[%emt 00:00:52]} 42.
e5 {[%clk 00:17:04]} {[%emt 00:08:00]} h5+ {[%clk 00:55:16]} {[%emt 00:01:01]}
43. Kh4 {[%clk 00:16:44]} {[%emt 00:00:50]} b4 {[%clk 00:55:38]} {[%emt
00:00:08]} 44. g4 {[%clk 00:16:56]} {[%emt 00:00:18]} hxg4 {[%clk 00:55:46]}
{[%emt 00:00:22]} 45. Kxg4 {[%clk 00:17:25]} {[%emt 00:00:02]} Kf7 {[%clk
00:55:56]} {[%emt 00:00:20]} 46. Kf5 {[%clk 00:17:41]} {[%emt 00:00:14]} Ke7
{[%clk 00:56:15]} {[%emt 00:00:10]} 47. e6 {[%clk 00:17:56]} {[%emt 00:00:16]}
Kd6 {[%clk 00:56:18]} {[%emt 00:00:26]} 48. Kf6 {[%clk 00:18:20]} {[%emt
00:00:07]} Kd5 {[%clk 00:56:21]} {[%emt 00:00:26]} 49. e7 {[%clk 00:18:44]}
{[%emt 00:00:06]} Kxd4 {[%clk 00:56:47]} {[%emt 00:00:04]} 50. e8=Q {[%clk
00:19:11]} {[%emt 00:00:04]} Kc3 {[%clk 00:56:59]} {[%emt 00:00:18]} 51. Qe3+
{[%clk 00:19:36]} {[%emt 00:00:05]} Kb2 {[%clk 00:57:05]} {[%emt 00:00:23]} 52.
Ke5 {[%clk 00:19:58]} {[%emt 00:00:09]} c5 {[%clk 00:57:23]} {[%emt 00:00:12]}
53. Qd3 {[%clk 00:20:24]} {[%emt 00:00:03]} c4 {[%clk 00:56:51]} {[%emt
00:01:03]} 54. Qxc4 {[%clk 00:20:51]} {[%emt 00:00:03]} 1-0

[Event "DEM U16w 2025"]
[Site "Willingen GER"]
[Date "2025.06.13"]
[Round "8"]
[White "Pommerehncke, Marla"]
[Black "Oellrich, Emma"]
[Result "0-1"]
[Termination "normal"]
[Board "11"]
[WhiteElo "1391"]
[BlackElo "1824"]
[WhiteClock "00:34:25"]
[BlackClock "00:21:03"]
[PlyCount "102"]
[WhiteFideId "34686347"]
[BlackFideId "16268806"]
[EventCountry "GER"]
[EventRounds "9"]
[EventType "swiss"]
[EventDate "2025.06.07"]

1. d4 {[%clk 01:30:56]} {[%emt 00:00:04]} e6 {[%clk 01:30:55]} {[%emt
00:00:05]} 2. Nf3 {[%clk 01:31:20]} {[%emt 00:00:06]} d5 {[%clk 01:31:20]}
{[%emt 00:00:05]} 3. Bf4 {[%clk 01:31:42]} {[%emt 00:00:08]} Nf6 {[%clk
01:31:45]} {[%emt 00:00:05]} 4. e3 {[%clk 01:32:05]} {[%emt 00:00:08]} Bd6
{[%clk 01:32:08]} {[%emt 00:00:07]} 5. Ne5 {[%clk 01:32:06]} {[%emt 00:00:29]}
O-O {[%clk 01:32:29]} {[%emt 00:00:10]} 6. Bd3 {[%clk 01:32:24]} {[%emt
00:00:11]} c5 {[%clk 01:32:45]} {[%emt 00:00:13]} 7. c3 {[%clk 01:32:48]}
{[%emt 00:00:07]} Qc7 {[%clk 01:32:56]} {[%emt 00:00:19]} 8. Nd2 {[%clk
01:32:59]} {[%emt 00:00:19]} Nbd7 {[%clk 01:30:04]} {[%emt 00:03:21]} 9. Ndf3
{[%clk 01:33:22]} {[%emt 00:00:07]} c4 {[%clk 01:29:29]} {[%emt 00:01:07]} 10.
Bc2 {[%clk 01:33:42]} {[%emt 00:00:09]} b5 {[%clk 01:27:05]} {[%emt 00:02:55]}
11. g4 {[%clk 01:32:49]} {[%emt 00:01:22]} Ne4 {[%clk 01:16:05]} {[%emt
00:11:29]} 12. Nxd7 {[%clk 01:25:23]} {[%emt 00:07:57]} Bxd7 {[%clk 01:15:16]}
{[%emt 00:01:19]} 13. Bxd6 {[%clk 01:25:46]} {[%emt 00:00:07]} Qxd6 {[%clk
01:15:40]} {[%emt 00:00:06]} 14. g5 {[%clk 01:23:29]} {[%emt 00:02:47]} b4
{[%clk 01:15:08]} {[%emt 00:01:03]} 15. Bxe4 {[%clk 01:22:31]} {[%emt
00:01:28]} dxe4 {[%clk 01:15:21]} {[%emt 00:00:17]} 16. Ne5 {[%clk 01:22:27]}
{[%emt 00:00:33]} bxc3 {[%clk 01:05:32]} {[%emt 00:10:19]} 17. bxc3 {[%clk
01:20:42]} {[%emt 00:02:15]} Rfc8 {[%clk 01:02:24]} {[%emt 00:03:38]} 18. O-O
{[%clk 01:17:39]} {[%emt 00:03:31]} Be8 {[%clk 00:59:46]} {[%emt 00:03:10]} 19.
Kh1 {[%emt 00:04:21]} Qa3 {[%clk 00:55:35]} {[%emt 00:04:42]} 20. Qc1 {[%clk
01:10:57]} {[%emt 00:03:20]} Qxc1 {[%clk 00:47:09]} {[%emt 00:08:56]} 21. Raxc1
{[%clk 01:07:38]} {[%emt 00:03:48]} f6 {[%clk 00:47:06]} {[%emt 00:00:33]} 22.
gxf6 {[%clk 01:06:30]} {[%emt 00:01:38]} gxf6 {[%clk 00:47:32]} {[%emt
00:00:05]} 23. Rg1+ {[%clk 01:06:02]} {[%emt 00:00:57]} Kf8 {[%clk 00:47:54]}
{[%emt 00:00:09]} 24. Ng4 {[%clk 01:05:15]} {[%emt 00:01:16]} Ke7 {[%clk
00:48:20]} {[%emt 00:00:04]} 25. h4 {[%clk 01:02:43]} {[%emt 00:03:02]} Bh5
{[%clk 00:48:12]} {[%emt 00:00:38]} 26. Kh2 {[%clk 00:57:56]} {[%emt 00:05:17]}
Rg8 {[%clk 00:46:27]} {[%emt 00:02:15]} 27. Nh6 {[%clk 00:52:21]} {[%emt
00:06:05]} Rxg1 {[%clk 00:37:16]} {[%emt 00:09:42]} 28. Rxg1 {[%clk 00:51:49]}
{[%emt 00:01:02]} Bg6 {[%clk 00:37:35]} {[%emt 00:00:11]} 29. Rb1 {[%clk
00:51:19]} {[%emt 00:00:58]} f5 {[%emt 00:03:17]} 30. Rb4 {[%clk 00:49:39]}
{[%emt 00:02:10]} Kf6 {[%clk 00:32:44]} {[%emt 00:02:37]} 31. Rxc4 {[%clk
00:45:27]} {[%emt 00:04:41]} Kg7 {[%clk 00:32:33]} {[%emt 00:00:40]} 32. Rc6
{[%clk 00:45:00]} {[%emt 00:00:57]} Kxh6 {[%clk 00:32:08]} {[%emt 00:00:56]}
33. Rxe6 {[%clk 00:45:13]} {[%emt 00:00:16]} Rc8 {[%clk 00:32:20]} {[%emt
00:00:18]} 34. Ra6 {[%clk 00:44:59]} {[%emt 00:00:44]} Rxc3 {[%clk 00:32:34]}
{[%emt 00:00:17]} 35. Rxa7 {[%clk 00:45:14]} {[%emt 00:00:15]} Kh5 {[%clk
00:32:08]} {[%emt 00:00:55]} 36. Kg3 {[%clk 00:45:00]} {[%emt 00:00:44]} h6
{[%clk 00:31:11]} {[%emt 00:01:28]} 37. Rb7 {[%clk 00:41:45]} {[%emt 00:03:45]}
Rc1 {[%clk 00:29:59]} {[%emt 00:01:42]} 38. Rb2 {[%clk 00:35:11]} {[%emt
00:07:03]} Be8 {[%clk 00:22:53]} {[%emt 00:07:33]} 39. Rb6 {[%clk 00:31:52]}
{[%emt 00:03:53]} Rc6 {[%clk 00:16:31]} {[%emt 00:06:52]} 40. Rb8 {[%clk
00:24:33]} {[%emt 00:07:49]} Bf7 {[%clk 00:13:32]} {[%emt 00:03:28]} 41. a3
{[%clk 00:20:03]} {[%emt 00:05:00]} Ra6 {[%clk 00:12:44]} {[%emt 00:01:17]} 42.
Rf8 {[%clk 00:19:00]} {[%emt 00:01:33]} Bg6 {[%clk 00:08:40]} {[%emt 00:04:34]}
43. Rh8 {[%clk 00:18:39]} {[%emt 00:00:51]} Rxa3 {[%clk 00:08:01]} {[%emt
00:01:09]} 44. Kf4 {[%clk 00:16:16]} {[%emt 00:02:52]} Ra5 {[%clk 00:06:04]}
{[%emt 00:02:27]} 45. Kg3 {[%clk 00:15:40]} {[%emt 00:01:07]} Bf7 {[%clk
00:05:45]} {[%emt 00:00:48]} 46. Rf8 {[%clk 00:14:47]} {[%emt 00:01:23]} Kg6
{[%clk 00:05:56]} {[%emt 00:00:19]} 47. Kf4 {[%clk 00:12:50]} {[%emt 00:02:27]}
Ra2 {[%clk 00:01:13]} {[%emt 00:05:14]} 48. Kg3 {[%clk 00:13:00]} {[%emt
00:00:20]} Ra1 {[%clk 00:30:27]} {[%emt 00:01:15]} 49. Kg2 {[%clk 00:41:52]}
Bc4 {[%clk 00:29:07]} {[%emt 00:03:28]} 50. Rh8 {[%clk 00:36:50]} Kh5 {[%clk
00:23:03]} {[%emt 00:12:06]} 51. Kh2 {[%clk 00:34:25]} Be2 {[%clk 00:21:03]}
{[%emt 00:05:26]} 0-1

[Event "DEM U16w 2025"]
[Site "Willingen GER"]
[Date "2025.06.13"]
[Round "8"]
[White "Dedic, Sajra"]
[Black "Dodul, Alice"]
[Result "0-1"]
[Termination "normal"]
[Board "12"]
[WhiteElo "1657"]
[BlackElo "1749"]
[WhiteClock "00:00:49"]
[BlackClock "00:18:45"]
[PlyCount "104"]
[WhiteFideId "14422794"]
[BlackFideId "34623817"]
[EventCountry "GER"]
[EventRounds "9"]
[EventType "swiss"]
[EventDate "2025.06.07"]

1. e4 {[%clk 01:30:57]} {[%emt 00:00:03]} e5 {[%clk 01:30:56]} {[%emt
00:00:05]} 2. Nf3 {[%clk 01:31:25]} {[%emt 00:00:02]} Nc6 {[%clk 01:31:22]}
{[%emt 00:00:04]} 3. Bc4 {[%clk 01:31:49]} {[%emt 00:00:05]} Nf6 {[%clk
01:31:48]} {[%emt 00:00:04]} 4. d4 {[%clk 01:32:11]} {[%emt 00:00:09]} exd4
{[%clk 01:32:06]} {[%emt 00:00:12]} 5. e5 {[%clk 01:32:31]} {[%emt 00:00:10]}
d5 {[%clk 01:32:28]} {[%emt 00:00:07]} 6. Bb5 {[%clk 01:32:55]} {[%emt
00:00:06]} Ne4 {[%clk 01:32:50]} {[%emt 00:00:09]} 7. Nxd4 {[%clk 01:32:45]}
{[%emt 00:00:41]} Bc5 {[%clk 01:33:07]} {[%emt 00:00:12]} 8. Be3 {[%clk
01:31:14]} {[%emt 00:02:00]} O-O {[%clk 01:33:16]} {[%emt 00:00:22]} 9. Bxc6
{[%clk 01:29:39]} {[%emt 00:02:06]} bxc6 {[%clk 01:33:16]} {[%emt 00:00:29]}
10. Nxc6 {[%clk 01:16:42]} {[%emt 00:13:27]} Bxe3 {[%clk 01:32:59]} {[%emt
00:00:46]} 11. Nxd8 {[%clk 01:01:34]} {[%emt 00:15:38]} Bxf2+ {[%clk 01:33:21]}
{[%emt 00:00:08]} 12. Kf1 {[%clk 01:00:31]} {[%emt 00:01:34]} Ba6+ {[%clk
01:33:30]} {[%emt 00:00:21]} 13. Qd3 {[%clk 00:58:59]} {[%emt 00:02:02]} Bxd3+
{[%clk 01:33:45]} {[%emt 00:00:15]} 14. cxd3 {[%clk 00:59:23]} {[%emt
00:00:07]} Bd4 {[%clk 01:25:47]} {[%emt 00:08:27]} 15. Nc3 {[%clk 00:57:14]}
{[%emt 00:02:39]} Nxc3 {[%clk 01:25:37]} {[%emt 00:00:40]} 16. bxc3 {[%clk
00:57:35]} {[%emt 00:00:09]} Bxc3 {[%clk 01:26:03]} {[%emt 00:00:04]} 17. Rc1
{[%clk 00:58:01]} {[%emt 00:00:04]} Bxe5 {[%clk 01:26:12]} {[%emt 00:00:21]}
18. Nc6 {[%clk 00:55:51]} {[%emt 00:02:40]} Bd6 {[%clk 01:21:40]} {[%emt
00:05:00]} 19. Kf2 {[%clk 00:49:38]} {[%emt 00:06:43]} Rfe8 {[%clk 01:19:58]}
{[%emt 00:02:13]} 20. d4 {[%clk 00:47:08]} {[%emt 00:03:00]} a6 {[%clk
01:11:19]} {[%emt 00:09:10]} 21. Rc2 {[%clk 00:38:21]} {[%emt 00:09:17]} f6
{[%clk 01:08:27]} {[%emt 00:03:21]} 22. a4 {[%clk 00:35:02]} {[%emt 00:03:49]}
Re4 {[%clk 01:04:00]} {[%emt 00:04:57]} 23. g3 {[%clk 00:33:43]} {[%emt
00:01:50]} Rae8 {[%clk 00:57:35]} {[%emt 00:06:54]} 24. Rb1 {[%clk 00:32:46]}
{[%emt 00:01:27]} g5 {[%clk 00:57:01]} {[%emt 00:01:05]} 25. a5 {[%clk
00:27:01]} {[%emt 00:06:15]} g4 {[%clk 00:52:39]} {[%emt 00:04:51]} 26. Rb7
{[%clk 00:24:45]} {[%emt 00:02:47]} Re1 {[%clk 00:40:10]} {[%emt 00:12:59]} 27.
Ra7 {[%clk 00:20:45]} {[%emt 00:04:30]} Rh1 {[%clk 00:38:28]} {[%emt 00:02:11]}
28. Kg2 {[%clk 00:20:09]} {[%emt 00:01:07]} Ree1 {[%clk 00:35:16]} {[%emt
00:03:41]} 29. Kf2 {[%clk 00:19:44]} {[%emt 00:00:56]} Rxh2+ {[%clk 00:30:27]}
{[%emt 00:05:18]} 30. Kxe1 {[%clk 00:20:03]} {[%emt 00:00:11]} Rxc2 {[%clk
00:30:52]} {[%emt 00:00:05]} 31. Rxa6 {[%clk 00:19:58]} {[%emt 00:00:35]} Ra2
{[%clk 00:23:18]} {[%emt 00:08:04]} 32. Ra8+ {[%clk 00:17:07]} {[%emt
00:03:22]} Kg7 {[%clk 00:23:41]} {[%emt 00:00:07]} 33. Kf1 {[%clk 00:10:09]}
{[%emt 00:07:28]} Bxg3 {[%clk 00:15:46]} {[%emt 00:08:25]} 34. Nb4 {[%clk
00:10:03]} {[%emt 00:00:35]} Rb2 {[%clk 00:13:54]} {[%emt 00:02:22]} 35. Nxd5
{[%clk 00:08:08]} {[%emt 00:02:25]} Bh2 {[%clk 00:11:49]} {[%emt 00:02:34]} 36.
Ne3 {[%clk 00:07:01]} {[%emt 00:01:37]} Rb1+ {[%clk 00:08:30]} {[%emt
00:03:49]} 37. Kg2 {[%clk 00:05:54]} {[%emt 00:01:37]} Bg1 {[%clk 00:08:09]}
{[%emt 00:00:51]} 38. Nf5+ {[%clk 00:04:37]} {[%emt 00:01:48]} Kg6 {[%clk
00:07:44]} {[%emt 00:00:54]} 39. Ne7+ {[%clk 00:05:01]} {[%emt 00:00:06]} Kf7
{[%clk 00:06:59]} {[%emt 00:01:15]} 40. Nc6 {[%clk 00:04:18]} {[%emt 00:01:13]}
Rc1 {[%clk 00:04:36]} {[%emt 00:02:53]} 41. a6 {[%clk 00:00:52]} {[%emt
00:03:57]} Rxc6 {[%clk 00:02:55]} {[%emt 00:02:11]} 42. Kxg1 {[%clk 00:26:47]}
{[%emt 00:04:34]} Rc1+ {[%clk 00:31:46]} {[%emt 00:01:40]} 43. Kg2 {[%clk
00:26:22]} {[%emt 00:00:54]} Ra1 {[%clk 00:31:20]} {[%emt 00:00:57]} 44. d5
{[%clk 00:22:16]} {[%emt 00:04:34]} Kg6 {[%clk 00:22:29]} {[%emt 00:09:22]} 45.
Kg3 {[%clk 00:17:02]} {[%emt 00:05:44]} Kf5 {[%clk 00:22:18]} {[%emt 00:00:41]}
46. Ra7 {[%clk 00:10:07]} {[%emt 00:07:25]} h5 {[%clk 00:21:21]} {[%emt
00:01:27]} 47. Ra8 {[%clk 00:09:37]} {[%emt 00:01:01]} Ra3+ {[%clk 00:20:44]}
{[%emt 00:01:07]} 48. Kg2 {[%clk 00:09:06]} {[%emt 00:01:00]} h4 {[%clk
00:20:41]} {[%emt 00:00:34]} 49. Kh2 {[%clk 00:01:40]} {[%emt 00:07:56]} Ra2+
{[%clk 00:20:01]} {[%emt 00:01:10]} 50. Kh1 {[%clk 00:01:24]} {[%emt 00:00:46]}
h3 {[%clk 00:20:14]} {[%emt 00:00:16]} 51. Rh8 {[%clk 00:00:58]} {[%emt
00:00:56]} Rxa6 {[%clk 00:20:19]} {[%emt 00:00:26]} 52. Rg8 {[%clk 00:00:49]}
{[%emt 00:00:37]} Kf4 {[%clk 00:18:45]} {[%emt 00:02:06]} 0-1

[Event "DEM U16w 2025"]
[Site "Willingen GER"]
[Date "2025.06.13"]
[Round "8"]
[White "Haug, Mara"]
[Black "Lorenz, Veronika"]
[Result "1/2-1/2"]
[Termination "normal"]
[Board "13"]
[WhiteElo "1999"]
[BlackElo "1952"]
[WhiteClock "00:14:08"]
[BlackClock "00:04:33"]
[PlyCount "92"]
[WhiteFideId "16259300"]
[BlackFideId "16277406"]
[EventCountry "GER"]
[EventRounds "9"]
[EventType "swiss"]
[EventDate "2025.06.07"]

1. e4 {[%clk 01:30:58]} {[%emt 00:00:02]} e5 {[%clk 01:30:59]} {[%emt
00:00:03]} 2. d4 {[%clk 01:31:20]} {[%emt 00:00:07]} exd4 {[%clk 01:31:16]}
{[%emt 00:00:13]} 3. Qxd4 {[%clk 01:31:48]} {[%emt 00:00:02]} Nc6 {[%clk
01:31:29]} {[%emt 00:00:17]} 4. Qc4 {[%clk 01:32:10]} {[%emt 00:00:08]} d6
{[%clk 01:29:20]} {[%emt 00:02:39]} 5. Nc3 {[%clk 01:30:48]} {[%emt 00:01:52]}
Be6 {[%clk 01:28:06]} {[%emt 00:01:44]} 6. Qe2 {[%clk 01:31:04]} {[%emt
00:00:13]} Nf6 {[%clk 01:25:27]} {[%emt 00:03:09]} 7. Bf4 {[%clk 01:30:54]}
{[%emt 00:00:40]} Nd7 {[%clk 01:21:32]} {[%emt 00:04:26]} 8. O-O-O {[%clk
01:28:55]} {[%emt 00:02:29]} Be7 {[%clk 01:20:16]} {[%emt 00:01:45]} 9. f3
{[%clk 01:26:21]} {[%emt 00:03:04]} Bg5 {[%clk 01:15:32]} {[%emt 00:05:14]} 10.
g3 {[%clk 01:20:11]} {[%emt 00:06:41]} Bf6 {[%clk 01:08:37]} {[%emt 00:07:25]}
11. Qd2 {[%clk 01:18:33]} {[%emt 00:02:08]} Bxc3 {[%clk 00:44:25]} {[%emt
00:24:41]} 12. Qxc3 {[%clk 01:17:42]} {[%emt 00:01:22]} Qf6 {[%clk 00:44:12]}
{[%emt 00:00:44]} 13. Ne2 {[%clk 01:05:02]} {[%emt 00:13:08]} Qxc3 {[%clk
00:38:21]} {[%emt 00:06:22]} 14. Nxc3 {[%clk 01:04:43]} {[%emt 00:04:16]} Nde5
{[%clk 00:38:21]} {[%emt 00:00:30]} 15. Bg2 {[%clk 01:00:28]} {[%emt 00:04:45]}
O-O-O {[%clk 00:37:22]} {[%emt 00:01:29]} 16. Rhe1 {[%clk 00:54:48]} {[%emt
00:06:07]} h5 {[%clk 00:29:49]} {[%emt 00:08:06]} 17. Be3 {[%clk 00:47:04]}
{[%emt 00:08:12]} f6 {[%clk 00:28:54]} {[%emt 00:01:26]} 18. f4 {[%clk
00:45:58]} {[%emt 00:01:36]} Nc4 {[%clk 00:25:25]} {[%emt 00:03:57]} 19. Bf2
{[%clk 00:44:29]} {[%emt 00:02:01]} Rde8 {[%clk 00:14:06]} {[%emt 00:11:49]}
20. b3 {[%clk 00:41:34]} {[%emt 00:03:25]} Nb6 {[%clk 00:13:53]} {[%emt
00:00:43]} 21. Nd5 {[%clk 00:38:21]} {[%emt 00:03:44]} Bg4 {[%clk 00:13:11]}
{[%emt 00:01:11]} 22. Rd3 {[%clk 00:35:49]} {[%emt 00:02:59]} Nxd5 {[%clk
00:06:20]} {[%emt 00:07:23]} 23. Rxd5 {[%clk 00:31:58]} {[%emt 00:04:22]} Be6
{[%clk 00:04:43]} {[%emt 00:02:07]} 24. Rd2 {[%clk 00:30:30]} {[%emt 00:01:57]}
Bd7 {[%clk 00:03:55]} {[%emt 00:01:19]} 25. Rde2 {[%clk 00:27:43]} {[%emt
00:03:16]} Rhf8 {[%clk 00:03:34]} {[%emt 00:00:52]} 26. Kb2 {[%clk 00:25:43]}
{[%emt 00:02:31]} Re7 {[%clk 00:02:54]} {[%emt 00:01:07]} 27. a3 {[%clk
00:17:55]} {[%emt 00:11:49]} Rfe8 {[%clk 00:03:15]} {[%emt 00:00:10]} 28. Kc3
{[%clk 00:16:09]} {[%emt 00:02:16]} a6 {[%clk 00:02:36]} 29. Re3 {[%clk
00:13:29]} {[%emt 00:04:18]} Na7 {[%clk 00:02:03]} {[%emt 00:01:05]} 30. Kd3
{[%clk 00:10:49]} {[%emt 00:03:07]} Nc6 {[%clk 00:01:44]} 31. R1e2 {[%clk
00:06:40]} {[%emt 00:05:30]} g6 {[%clk 00:02:09]} 32. h3 {[%clk 00:05:23]}
{[%emt 00:01:53]} Na7 {[%clk 00:00:52]} 33. Be1 {[%clk 00:04:57]} {[%emt
00:02:41]} Nc6 {[%clk 00:00:49]} 34. c4 {[%clk 00:03:40]} {[%emt 00:02:21]} f5
{[%clk 00:00:43]} 35. h4 {[%clk 00:01:08]} {[%emt 00:03:38]} fxe4+ {[%clk
00:00:40]} 36. Bxe4 {[%clk 00:01:03]} {[%emt 00:01:09]} Bf5 {[%clk 00:00:32]}
37. Bxf5+ {[%clk 00:00:32]} {[%emt 00:01:39]} gxf5 {[%clk 00:00:55]} 38. b4
{[%clk 00:00:43]} {[%emt 00:00:25]} Rxe3+ {[%clk 00:01:03]} 39. Rxe3 {[%clk
00:01:11]} {[%emt 00:00:24]} Rxe3+ {[%clk 00:01:32]} 40. Kxe3 {[%clk 00:01:39]}
{[%emt 00:00:03]} b5 {[%clk 00:00:40]} 41. cxb5 {[%clk 00:29:07]} {[%emt
00:04:24]} axb5 {[%clk 00:26:54]} {[%emt 00:04:15]} 42. g4 {[%clk 00:16:27]}
{[%emt 00:13:10]} fxg4 {[%clk 00:08:42]} {[%emt 00:18:43]} 43. f5 {[%clk
00:15:35]} {[%emt 00:01:21]} Kd7 {[%clk 00:07:53]} {[%emt 00:01:19]} 44. Kf4
{[%clk 00:15:55]} {[%emt 00:00:10]} Ke7 {[%clk 00:07:26]} {[%emt 00:00:56]} 45.
Kg5 {[%clk 00:16:01]} Ne5 {[%clk 00:07:34]} {[%emt 00:00:47]} 46. Bg3 {[%clk
00:14:08]} Nf7+ {[%clk 00:04:33]} {[%emt 00:05:54]} 1/2-1/2